ბათუმის შოთა რუსთაველის სახელმწიფო უნივერსიტეტის ბიბლიოთეკა

Deutschunterricht planen arbeit mit lehrmerkslektionen (ბიბ.ჩანაწერი № 50393)

000 -LEADER
fixed length control field 00514nam a2200193Ia 4500
001 - CONTROL NUMBER
control field 17336
003 - CONTROL NUMBER IDENTIFIER
control field GE_BSU
008 - FIXED-LENGTH DATA ELEMENTS--GENERAL INFORMATION
fixed length control field 181216s||||||||xx |||||||||||||| ||und||
040 ## - CATALOGING SOURCE
Transcribing agency GE_BSU
080 ## - UNIVERSAL DECIMAL CLASSIFICATION NUMBER
Universal Decimal Classification number 811.112
100 ## - MAIN ENTRY--PERSONAL NAME
Personal name Bimmel,Peter
245 ## - TITLE STATEMENT
Title Deutschunterricht planen arbeit mit lehrmerkslektionen
300 ## - PHYSICAL DESCRIPTION
Extent 176p.
653 ## - INDEX TERM--UNCONTROLLED
Uncontrolled term Deutschunterricht planen
653 ## - INDEX TERM--UNCONTROLLED
Uncontrolled term deutschunterricht planen arbeit mit lehrwerkslektionen
653 ## - INDEX TERM--UNCONTROLLED
Uncontrolled term ქსეროქსი
942 ## - ADDED ENTRY ELEMENTS (KOHA)
Koha item type წიგნი
ეგზემპლარები
Withdrawn status Lost status Damaged status Not for loan Date acquired Barcode Date last seen Price effective from Koha item type
        2018-12-17 9 ქსეროქსი 2018-12-17 2018-12-17 წიგნი